Statistics for French Montana Charting Songs (Billboard Hot 100)

Click here to take the quiz!

General Stats

  • This quiz has been taken 14 times
  • The average score is 10 of 17

Answer Stats

AlbumWeeks OnPeakArtist(s)Song% Correct
Jungle Rules42 Weeks#3French Montana ft. Swae LeeUnforgettable
100%
Deadpool 24 Weeks#78Diplo & French Montana ft. Lil Pump & Zhavia WardWelcome to the Party
86%
No Stylist EP20 Weeks#47French Montana ft. DrakeNo Stylist
86%
X36 Weeks#9Chris Brown ft. Lil Wayne & French MontanaLoyal
71%
Plata O Plomo20 Weeks#27Fat Joe & Remy Ma ft. French Montana & InfraredAll The Way Up
71%
Excuse My French22 Weeks#36French Montana ft. Rick Ross, Drake & Lil WaynePop That
71%
Excuse My French7 Weeks#77French Montana ft. Nicki MinajFreaks
57%
#willpower2 Weeks#96will.i.am ft. Miley Cyrus, French Montana, Wiz Khalifa & DJ MustardFeelin' Myself
57%
MONTANA3 Weeks#56French Montana ft. Post Malone, Cardi B & RvssianWriting on the Wall
57%
MC411 Weeks#36French Montana ft. DrakeNo Shopping
57%
Rich Forever2 Weeks#58Rick Ross ft. Drake & French MontanaStay Schemin'
43%
Wave Gods and MC413 Weeks#73French Montana ft. Kodak BlackLockjaw
43%
Jungle Rules1 Week#75French Montana ft. The Weeknd & Max BA Lie
43%
MONTANA1 Week#90French Montana ft. Blueface & Lil TjaySlide
43%
Non-Album Single1 Week#95French Montana ft. JeremihBad Bitch
43%
Excuse My French13 Weeks#63French MontanaAin't Worried About Nothin'
43%
A.K.A.2 Weeks#77Jennifer Lopez ft. French MontanaI Luh Ya Papi
14%

Score Distribution

Percentile by Number Answered

Percent of People with Each Score

Your Score History

You have not taken this quiz